000 00994nam a22003377a 4500
001 BR2014007404
003 BR-BrBNA
005 20230928104536.0
007 ta
008 230509b bl.||||| |||| 00| 0 por d
040 _aBR-BrBNA
_bpor
_cBiblioteca Nacional de Agricultura
041 _a(Por)
072 _aQ03
_b2110
_b4120
090 _ 2110 BR2014007404
100 1 _aSchabo, D.C.
110 1 _aUniversidade Federal de Lavras, MG (Brasil)
_0Tese (Mestrado)
245 1 _aFungos do gênero Aspergillus isolados de amêndoas de cacau do estado de Rondônia
260 3 _aLavras, MG (Brasil):
_c2014.
300 _a139 p.
500 _aSummaries (Eng, Por); Several bibliography; 12 illus.; 14 tables
650 _aCACAU
650 _aAMÊNDOA
650 _aFUNGO
650 _aCONTAMINAÇÃO
650 _aOCRATOXINA
650 _aARMAZENAMENTO
650 _aESTATÍSTICA DE PRODUÇÃO
650 _aRONDÔNIA
909 _a202309
_bLucia
_c55
_dLucia Elande
942 _cBK
999 _c80493
_d80493